000 01271nam a2200337 c 4500
003 BLK
005 20220917100708.0
008 180408b bul|||||r ||||||| ||bul||
010 _aKNG00077985000
020 _a978-954-730-377-5
_bиздат.: Сиби
040 _aBLK
041 _aBUL
_cBUL
080 _aОсигурително и застрахователно право
_b349.3:368
_x(075.8)
_z349.3:368(075.8)
100 1 _aМръчков, Васил Желязков
_eпърви автор
_9369166
139 _aМръчков, Васил Желязков
_bМ 94
245 1 0 _aОсигурително право
_cВасил Желязков Мръчков.
250 _a4. прераб. и доп. изд.
257 _aBGR
260 София
_bСиби
_c2006
300 _a496 с.
_c22 см
380 _a3
500 _a1. изд. 1998. - Библиогр. с. 488-490 ; Предм. показалец.
650 4 _aОсигурително право - учебници за ВУЗ
_9283077
653 _aосигурително право
653 _aучебници за ВУЗ
852 _aЦб 235842
856 4 _qpdf
_u
856 4 _qpdf
_u
942 _cKNG
_n0
_06
944 _aCR
_c30.08.2007
_kГеновева_Генчева
944 _aED
_c22.01.2013
_k
999 _c73590
_d73590